000 01045nam a2200241 u 4500
001 000760762
003 AM-YeHGA
005 20250617163057.0
008 100924s1959 ru |||||r|||||000|0|rus|d
040 _aAM-YeHGA
041 0 _arus
245 0 0 _aЗначение белка в питании здорового и больного человека :
_bСборник трудов института питания АМН СССР /
_cОтв. ред. А.И. Макарычев ; АМН СССР.
260 _aМосква :
_bМедгиз,
_c1959.
300 _a300 с. :
_bил., табл. ;
_c22 см.
504 _aБиблиогр.: с. 278-297
650 1 4 _aПитание белки
_xМетаболизм
650 1 4 _aАминокислоты
_xМетаболизм
650 1 4 _aМетаболические процессы
650 1 4 _aПитательная ценность
700 1 _aМакарычев, А.И.
_eред.
_4edt
710 2 _aАкадемия медицинских наук СССР
090 _c504090
999 _c500678
_d500678